000 00552nam a2200229Ia 4500
003 OSt
005 20250708110815.0
008 210210b2010 xxu||||| |||| 00| 0 eng d
020 _a8121935083
040 _cAL
041 _aeng
082 _a581.028 PANM
100 _aPandey B P
_9217717
245 _aModern practical botany Vol 3
260 _aNew Delhi
_bS. Chand & Co. Ltd.
_c2010
300 _a326
440 _aVol 3
_9217718
650 _aBotany
_9217724
690 _aBotany Practical
_9217723
906 _a066982
942 _2ddc
_cBK
999 _c149397
_d149397